00318pab a2200109 454500008003600000100001600036245005100052362003000103650002200133650003300155773002000188180718b xxu||||| |||| 00| 0 eng d aHanda Sunil aInnovative means of financing higher education a31(40), 4 Oct 93, p.19-20 a Higher Education aEducation, Higher -- Finance aUniversity News